| 000 | 01064nam a22002897a 4500 | ||
|---|---|---|---|
| 003 | OSt | ||
| 005 | 20260406143251.0 | ||
| 008 | 260406b |||||||| |||| 00| 0 eng d | ||
| 020 | _a9780716626305 | ||
| 040 | _cHS LRC | ||
| 050 |
_aBL 1055 _b.L581so 2016 |
||
| 100 |
_aLeonard, Scott A. _9131548 |
||
| 245 |
_aMyths and legends of South Asia and Southeast Asia / _cScott A. Leonard |
||
| 260 |
_aChicago, Illinois : _bWorld Book, _cc2016. |
||
| 265 | _aPES | ||
| 300 |
_a64 pages : _bcolor illustrations ; _c26 cm. |
||
| 365 | _b1,667.00 | ||
| 440 |
_aFamous Myths and Legends of the World _924871 |
||
| 504 | _aIncludes glossary, references and index. | ||
| 650 |
_aMythology, Indic _xJuvenile literature _9131551 |
||
| 650 |
_aHindu mythology _xJuvenile literature _9131552 |
||
| 650 |
_aBuddhist mythology _xJuvenile literature _9131553 |
||
| 650 |
_aMythology, Southeast Asia _xJuvenile literature _9131554 |
||
| 650 |
_aIndia _xFolklore _yJuvenile literature _9131555 |
||
| 650 |
_aSoutheast Asia _xFolklore _yJuvenile literature _9131556 |
||
| 942 |
_2lcc _cBK |
||
| 999 |
_c94056 _d94056 |
||